Managing the merger : (Record no. 4161)

000 -LEADER
fixed length control field 00935pam a2200253 a 4500
001 - CONTROL NUMBER
control field 4379416
005 - DATE AND TIME OF LATEST TRANSACTION
control field 20190524094544.0
008 - FIXED-LENGTH DATA ELEMENTS--GENERAL INFORMATION
fixed length control field 910724s1992 njua 001 0 eng
010 ## - LIBRARY OF CONGRESS CONTROL NUMBER
LC control number 91030043
020 ## - INTERNATIONAL STANDARD BOOK NUMBER
International Standard Book Number 0135446368
040 ## - CATALOGING SOURCE
Original cataloging agency DLC
Transcribing agency DLC
Modifying agency DLC
050 00 - LIBRARY OF CONGRESS CALL NUMBER
Classification number HD58.8
Item number .M56 1992
082 00 - DEWEY DECIMAL CLASSIFICATION NUMBER
Classification number 658.1/6
Edition number 20
100 1# - MAIN ENTRY--PERSONAL NAME
Personal name Mirvis, Philip H.,
Dates associated with a name 1951-
245 10 - TITLE STATEMENT
Title Managing the merger :
Remainder of title making it work /
Statement of responsibility, etc Philip H. Mirvis, Mitchell Lee Marks.
260 ## - PUBLICATION, DISTRIBUTION, ETC. (IMPRINT)
Place of publication, distribution, etc Englewood Cliffs, N.J. :
Name of publisher, distributor, etc Prentice Hall,
Date of publication, distribution, etc c1992.
300 ## - PHYSICAL DESCRIPTION
Extent xxv, 371 p. :
Other physical details ill. ;
Dimensions 22 cm.
504 ## - BIBLIOGRAPHY, ETC. NOTE
Bibliography, etc Includes bibliographical references (p. 341-359) and index.
650 #0 - SUBJECT ADDED ENTRY--TOPICAL TERM
Topical term or geographic name as entry element Consolidation and merger of corporations
General subdivision Management.
700 1# - ADDED ENTRY--PERSONAL NAME
Personal name Marks, Mitchell Lee.
906 ## - LOCAL DATA ELEMENT F, LDF (RLIN)
a 7
b cbc
c orignew
d 1
e ocip
f 19
g y-gencatlg
942 ## - ADDED ENTRY ELEMENTS (KOHA)
Source of classification or shelving scheme
Item type Book
Holdings
Withdrawn status Lost status Source of classification or shelving scheme Damaged status Not for loan Home library Current library Shelving location Date acquired Total Checkouts Full call number Barcode Date last seen Copy number Price effective from Koha item type
          Riara University Library Riara University Library General stack 24/05/2019   HD58.8 .M56 1992 10250/19 24/05/2019 C.1 24/05/2019 Book

Riara University Library,
P.O. Box 49940-00100,
Nairobi, Kenya.